Free India in Asia.

Bibliographic Details
Main Author: Levi, Werner, 1912-2005
Format: Book
Language:English
Published: Minneapolis : University of Minnesota Press, [1952]
Subjects:

MARC

Tag First Indicator Second Indicator Subfields
LEADER 00000cam a2200000 4500
001 in00000060556
005 20151007082701.0
008 720214s1952 eng u
010 |a  52012939  
035 |a (OCoLC)00242003 
035 |9 AAF8258AM 
040 |c WBU  |d TXA  |d UtOrBLW 
049 |a TXAM  |c [276208] 
050 0 |a DS448  |b .L48 
092 |a 327.54  |b L664f 
100 1 |a Levi, Werner,  |d 1912-2005. 
245 1 0 |a Free India in Asia. 
264 1 |a Minneapolis :  |b University of Minnesota Press,  |c [1952] 
300 |a 161p :  |b illustrations ;  |c 23 cm. 
336 |a text  |b txt  |2 rdacontent 
337 |a unmediated  |b n  |2 rdamedia 
338 |a volume  |b nc  |2 rdacarrier 
651 0 |a India  |x Foreign relations. 
999 |a MARS 
999 f f |s f980f5da-23ed-381e-b599-183e2846890b  |i b4876820-ca40-30bc-9fcf-10b5c35a23ca  |t 0 
952 f f |p ric  |a Texas A&M University  |b Rellis Campus  |c Joint Library Facility  |d Remote Storage  |t 0  |e DS448 .L48  |h Library of Congress classification  |i unmediated -- volume  |m A14800676557 
998 f f |a DS448 .L48  |t 0  |l Remote Storage